000 00281nam a2200109Ia 4500
008 200302s9999 xx 000 0 und d
100 _aReyner Banham
245 _aMegastructure Urban Futures of the Recent Past
260 _bThames and Hudson Ltd.
260 _c1976
300 _a224 P.,
999 _c269
_d269